Cybulski, Radosław: Popyt na rynku księngarskim na tle przemian Społeczno-gospodarczych w Polsce ludowej

Recenzia diela Popyt na rynku księngarskim na tle przemian Społeczno-gospodarczych w Polsce ludowej [Dopyt po knižnom trhu na pozadí spoločensko-hospodárskych premien v Ľudovom Poľsku] uvádza členenie diela a podrobne jeho obsah podľa jednotlivých kapitol. Recenzent porovnáva situáciu v distribúcii...

Full description

Bibliographic Details
Main Author: Irmler, Ján, 1913-1974 (Author)
Format: Article
Language:Slovak
Subjects:
Online Access:plný text

MARC

LEADER 00000nab a2200000 a 4500
001 vtls008704216
003 SK-MaSNL
005 20260303074152.0
008 050106 1968 xo p 000 0 slo
015 |a SNBRRADKK190120XX 
040 |a SNKBUDKK  |b slo  |c SNKBUDKK  |e AACR2 
041 0 |a slo 
044 |a xo  |c SK 
080 |a 070.33  |x (438)  |2 UDC-MRF-SK2 
080 |a 070.447  |2 UDC-MRF-SK2 
100 1 |a Irmler, Ján,  |d 1913-1974  |4 aut  |9 10550 
245 1 0 |a Cybulski, Radosław: Popyt na rynku księngarskim na tle przemian Społeczno-gospodarczych w Polsce ludowej  |c Ján Irmler 
500 |a Rubrika: Referáty a recenzie 
520 2 |a Recenzia diela Popyt na rynku księngarskim na tle przemian Społeczno-gospodarczych w Polsce ludowej [Dopyt po knižnom trhu na pozadí spoločensko-hospodárskych premien v Ľudovom Poľsku] uvádza členenie diela a podrobne jeho obsah podľa jednotlivých kapitol. Recenzent porovnáva situáciu v distribúcii kníh v Poľsku a u nás a vyzdvihuje rozsah poľského výskumu tejto problematiky 
650 0 7 |a knižný trh  |z Poľsko  |x výskum  |x recenzie  |2 snkbudkk  |9 1076876 
650 0 7 |a knihy  |x ditribúcia  |z Poľsko  |x výskum  |x recenzie  |2 snkbudkk  |9 1076877 
773 0 |t Knižničný zborník 1968, 1. zväzok  |d Martin : Matica slovenská, 1968  |g S. 142-149 
787 0 8 |i Rec.:  |a Cybulski, Radosław  |t Popyt na rynku księngarskim na tle przemian Społeczno-gospodarczych w Polsce ludowej  |d Warszawa : Biblioteka Narodowa - Instytut ksiąźki i Czytelnictwa, 1966 
850 |a Slovenská národná knižnica v Martine 
852 |a SNK  |b KIS3GCP 
856 4 1 |u http://www.viks.sk/dkk/kz1968I_142_149.doc  |y plný text 
910 |a bdkk 
999 |c 1770531  |d 1772461